|
|
|
|
| LEADER |
00000nab a2200000 a 4500 |
| 001 |
vtls000868637 |
| 003 |
SK-MaSNL |
| 005 |
20260303181759.0 |
| 008 |
141122c1999 xo 0 slo |
| 015 |
|
|
|a SNBRB2004/04-11138
|
| 035 |
|
|
|a CLN000220189
|
| 040 |
|
|
|a SNKBUCL
|b slo
|c SNKBUCL
|e AACR2
|
| 041 |
0 |
|
|a slo
|
| 044 |
|
|
|a xo
|c SK
|
| 080 |
|
|
|a 37.048.2/.3:061.3
|2 1997
|
| 100 |
1 |
|
|a Grajcár, Štefan
|4 aut
|9 337698
|
| 245 |
1 |
0 |
|a Kongres IAC v Bratislave - premárnená šanca
|c Štefan Grajcár
|
| 611 |
1 |
7 |
|a Medzinárodná asociácia pre poradenstvo
|e konferencia
|a International Association for Counselling
|c Bratislava, Slovensko
|d 1999
|2 snkbucl
|9 1208724
|
| 650 |
0 |
7 |
|a vývin osobnosti
|x adolescent
|x dieťa
|2 MESH
|9 1208725
|
| 650 |
0 |
7 |
|a poradenstvo
|x výchova a vzdelávanie
|x organizácia a riadenie
|2 MESH
|9 1208726
|
| 650 |
0 |
7 |
|a komentár (publikačný typ)
|2 MESH
|9 866536
|
| 650 |
0 |
7 |
|a výchova a vzdelávanie
|x história
|x organizácia a riadenie
|x adolescent
|x dieťa
|2 snkbucl
|9 1208727
|
| 650 |
0 |
7 |
|a medzinárodná spolupráca
|2 MESH
|9 4911
|
| 650 |
0 |
7 |
|a kongresy
|2 MESH
|9 19200
|
| 655 |
|
7 |
|a články z novín a časopisov
|2 snkbucl
|9 267496
|
| 773 |
0 |
|
|t Psychofórum
|g Č. 2 (1999), s. 38-41
|x 1335-6267
|
| 850 |
|
|
|a Slovenská národná knižnica v Martine
|
| 852 |
|
|
|a SNK
|b KIS3GCP
|
| 958 |
|
|
|a MI
|
| 999 |
|
|
|c 2114100
|d 2116030
|